<?xml version="1.0" encoding="UTF-8"?><?xml-stylesheet type="text/xsl" href="static/style.xsl"?><OAI-PMH xmlns="http://www.openarchives.org/OAI/2.0/" xmlns:xsi="http://www.w3.org/2001/XMLSchema-instance" xsi:schemaLocation="http://www.openarchives.org/OAI/2.0/ http://www.openarchives.org/OAI/2.0/OAI-PMH.xsd"><responseDate>2026-06-29T02:43:11Z</responseDate><request verb="GetRecord" identifier="oai:docta.ucm.es:20.500.14352/105039" metadataPrefix="marc">https://docta.ucm.es/rest/oai/request</request><GetRecord><record><header><identifier>oai:docta.ucm.es:20.500.14352/105039</identifier><datestamp>2025-03-18T13:32:21Z</datestamp><setSpec>com_20.500.14352_1</setSpec><setSpec>col_20.500.14352_5</setSpec></header><metadata><record xmlns="http://www.loc.gov/MARC21/slim" xmlns:dcterms="http://purl.org/dc/terms/" xmlns:xsi="http://www.w3.org/2001/XMLSchema-instance" xmlns:doc="http://www.lyncode.com/xoai" xsi:schemaLocation="http://www.loc.gov/MARC21/slim http://www.loc.gov/standards/marcxml/schema/MARC21slim.xsd">
   <leader>00925njm 22002777a 4500</leader>
   <datafield ind2=" " ind1=" " tag="042">
      <subfield code="a">dc</subfield>
   </datafield>
   <datafield ind2=" " ind1=" " tag="720">
      <subfield code="a">García García, Luis</subfield>
      <subfield code="e">author</subfield>
   </datafield>
   <datafield ind2=" " ind1=" " tag="720">
      <subfield code="a">Bedoya Del Olmo, Luis Miguel</subfield>
      <subfield code="e">author</subfield>
   </datafield>
   <datafield ind2=" " ind1=" " tag="720">
      <subfield code="a">Bocanegra De Juana, Aranzazu</subfield>
      <subfield code="e">author</subfield>
   </datafield>
   <datafield ind2=" " ind1=" " tag="720">
      <subfield code="a">Cossío De Felipe, David</subfield>
      <subfield code="e">author</subfield>
   </datafield>
   <datafield ind2=" " ind1=" " tag="720">
      <subfield code="a">Fernández Alfonso, María Soledad</subfield>
      <subfield code="e">author</subfield>
   </datafield>
   <datafield ind2=" " ind1=" " tag="720">
      <subfield code="a">García Aguilar, Ana</subfield>
      <subfield code="e">author</subfield>
   </datafield>
   <datafield ind2=" " ind1=" " tag="720">
      <subfield code="a">García Broncano, Rosario</subfield>
      <subfield code="e">author</subfield>
   </datafield>
   <datafield ind2=" " ind1=" " tag="720">
      <subfield code="a">Garcimartín Álvarez, Alba</subfield>
      <subfield code="e">author</subfield>
   </datafield>
   <datafield ind2=" " ind1=" " tag="720">
      <subfield code="a">Gómez Oliver, Francisca</subfield>
      <subfield code="e">author</subfield>
   </datafield>
   <datafield ind2=" " ind1=" " tag="720">
      <subfield code="a">González Burgos, Elena María</subfield>
      <subfield code="e">author</subfield>
   </datafield>
   <datafield ind2=" " ind1=" " tag="720">
      <subfield code="a">Pozo García, Miguel Ángel</subfield>
      <subfield code="e">author</subfield>
   </datafield>
   <datafield ind2=" " ind1=" " tag="720">
      <subfield code="a">Redondo Castillejo, Rocío</subfield>
      <subfield code="e">author</subfield>
   </datafield>
   <datafield ind2=" " ind1=" " tag="720">
      <subfield code="a">Ureña Vacas, Isabel María</subfield>
      <subfield code="e">author</subfield>
   </datafield>
   <datafield ind2=" " ind1=" " tag="260">
      <subfield code="c">2024-06-18</subfield>
   </datafield>
   <datafield ind2=" " ind1=" " tag="520">
      <subfield code="a">El proyecto “FAR-MENT: Programa de mentorías como herramienta formativa para la mejora de la capacidad docente de profesores noveles en las prácticas de Farmacología General” está destinado a la mentorización de profesores noveles que imparten clases prácticas de la asignatura de Farmacología General, correspondiente al 3er curso del Grado en Farmacia, así como del Doble Grado en Farmacia-Nutrición Humana y Dietética. En este proyecto, profesorado con amplia experiencia ha tutorizado al profesorado novel para ayudarle a enfrentarse al reto de la compleja y exigente labor docente. Se ha proporcionado orientación continua para potenciar la competencia docente y la integración en la institución del profesorado novel creando así una comunidad docente activa y de calidad. 
La metodología ha consistido en reuniones periódicas enfocadas a detectar las necesidades del profesorado novel, recopilar revisar y seleccionar material docente de apoyo y desarrollar una nueva guía de prácticas mejorada, actualizada y ajustada de manera coherente e integrada con el programa teórico de la asignatura. Se ha fomentado la asistencia del profesorado novel a clases impartidas por el profesorado experto, así como la asistencia del profesorado experto en las clases impartidas por el profesorado mentorizado. Los resultados obtenidos se han evaluado cualitativamente habiendo sido valorados muy positivamente por ambas partes. Los profesores noveles subrayan la mejora y actualización de sus conocimientos, la adquisición de nuevas estrategias pedagógicas, la ganancia en autoconfianza y su integración personal y profesional como miembros del Departamento. Como resultado objetivo se ha desarrollado una nueva guía de prácticas que estará a libre disposición como REA en DOCTA Complutense. Por último, el programa se instaurará en nuestro Departamento siendo extendido a otras asignaturas. El en futuro, un mayor número de participantes permitirá evaluar la eficacia formativa y de integración institucional de forma objetiva y cuantitativa.</subfield>
   </datafield>
   <datafield ind1="8" ind2=" " tag="024">
      <subfield code="a">https://hdl.handle.net/20.500.14352/105039</subfield>
   </datafield>
   <datafield ind1="8" ind2=" " tag="024">
      <subfield code="a">PIMCD97/23-24</subfield>
   </datafield>
   <datafield ind2="0" ind1="0" tag="245">
      <subfield code="a">FAR-MENT: Programa de mentorías como herramienta formativa para la mejora de la capacidad docente de profesores noveles en las prácticas de Farmacología General</subfield>
   </datafield>
</record></metadata></record></GetRecord></OAI-PMH>